000 00621nam a2200229Ia 4500
003 OSt
005 20221007071239.0
006 a|||||r|||| 00| 0
007 ta
008 221006b |||||||| |||| 00| 0 eng d
024 _a26,685
037 _cTextual
040 _aFLL
_cFLL
_beng
041 _2eng
_aeng
082 _aZ3:3y7, H8
100 _aCheshire G.C.
_9152548
245 0 _aCases on the law of contract
260 _aLondon
_bButterworth & Co. (Publishers) Ltd. London
_c1946
300 _axxiv,1-432p
_ccm.
942 _hZ3:3y7, H8
_cTEXL
_2CC
999 _c1142871
_d1142871